[Event "First Saturday Tournament Budapest"]
[Site "Budapest"]
[Date "2010.05.07"]
[Round "1.1"]
[White "Juracsik, Jozsef"]
[Black "Schuetz, Peter"]
[Result "1-0"]
[WhiteElo "2133"]
[BlackElo "1925"]
[PlyCount "83"]
[EventDate "2010.05.07"]

1. e4 e5 2. Nf3 Nc6 3. Nc3 Nf6 4. Bb5 a6 5. Ba4 Bb4 6. O-O b5 7. Bb3 O-O 8. Nd5
Ba5 9. d3 h6 10. c3 d6 11. h3 Bb7 12. Nh2 Nxd5 13. Bxd5 Bb6 14. Qg4 Kh7 15.
Qf5+ g6 16. Qf3 h5 17. Qe2 Rb8 18. Qd2 Qf6 19. Nf3 Na5 20. b4 Nc6 21. Bb3 Nd8
22. Ng5+ Kg8 23. a3 Ne6 24. Nxe6 fxe6 25. Qa2 Rbe8 26. Be3 Kg7 27. Qd2 Bxe3 28.
fxe3 Qe7 29. Rxf8 Rxf8 30. Rf1 Rxf1+ 31. Kxf1 Qf6+ 32. Ke1 d5 33. exd5 exd5 34.
Qf2 g5 35. Qg3 Kh6 36. d4 Qc6 37. Kd2 exd4 38. cxd4 Qd6 39. Qf3 c6 40. Qf7 Bc8
41. Bc2 g4 42. h4 1-0

[Event "First Saturday Tournament Budapest"]
[Site "Budapest"]
[Date "2010.05.07"]
[Round "1.2"]
[White "Szalontay, Mihaly"]
[Black "Kiss, Peter"]
[Result "1/2-1/2"]
[WhiteElo "2000"]
[BlackElo "1956"]
[PlyCount "65"]
[EventDate "2010.05.07"]

1. e4 c5 2. c3 d5 3. exd5 Qxd5 4. d4 cxd4 5. cxd4 Nc6 6. Nf3 Bg4 7. Nc3 Qd8 8.
d5 Nb8 9. Bf4 a6 10. Qa4+ Nd7 11. Ne5 b5 12. Qd4 Ndf6 13. Nxg4 Nxg4 14. Nxb5 e5
15. dxe6 Qxd4 16. Nxd4 Bc5 17. Be3 Nxe3 18. exf7+ Kxf7 19. fxe3 Nf6 20. Bc4+
Kg6 21. h4 Rhe8 22. Ne6 Bb4+ 23. Ke2 Rac8 24. Bb3 Ne4 25. h5+ Kh6 26. Rh3 Rc6
27. Rh4 Rcxe6 28. Bxe6 Rxe6 29. Kd3 Nf2+ 30. Kd4 Bd2 31. Rf1 Bxe3+ 32. Kd5 Rf6
33. Rc4 1/2-1/2

[Event "First Saturday Tournament Budapest"]
[Site "Budapest"]
[Date "2010.05.07"]
[Round "1.3"]
[White "Kantor, Reka"]
[Black "Lakovic, Igor"]
[Result "1/2-1/2"]
[WhiteElo "1947"]
[BlackElo "1965"]
[PlyCount "47"]
[EventDate "2010.05.07"]

1. e4 e5 2. Nf3 Nc6 3. Bb5 a6 4. Ba4 d6 5. O-O Bd7 6. h3 Nf6 7. Re1 g6 8. c3
Bg7 9. d4 b5 10. Bc2 O-O 11. Nbd2 Re8 12. Nf1 Nh5 13. Be3 Rb8 14. Qd2 b4 15. d5
bxc3 16. bxc3 Ne7 17. Rab1 f5 18. Rxb8 Qxb8 19. Rb1 Qa8 20. Bh6 Rf8 21. c4 fxe4
22. Bxe4 Nf4 23. Bg5 Rf7 24. Ng3 1/2-1/2

[Event "First Saturday Tournament Budapest"]
[Site "Budapest"]
[Date "2010.05.07"]
[Round "1.4"]
[White "Chen, Yang"]
[Black "Bodi, Tibor"]
[Result "1/2-1/2"]
[WhiteElo "2081"]
[BlackElo "2053"]
[PlyCount "73"]
[EventDate "2010.05.07"]

1. e4 Nf6 2. Nc3 d5 3. exd5 Nxd5 4. Bc4 Nb6 5. Bb3 Nc6 6. Nf3 Bf5 7. d3 e6 8.
Qe2 Be7 9. Bf4 O-O 10. h3 Na5 11. g4 Nxb3 12. axb3 Bg6 13. h4 h6 14. h5 Bh7 15.
Rg1 Nd5 16. Nxd5 exd5 17. Qd2 Re8 18. Kf1 Bf6 19. g5 hxg5 20. Bxg5 Bxg5 21.
Rxg5 Re6 22. Ra4 Qf6 23. Rag4 Qxf3 24. Rxg7+ Kh8 25. Qc3 Qf6 26. Rxf7 Qxc3 27.
bxc3 Rg8 28. Rxg8+ Bxg8 29. Rxc7 Rc6 30. Rxb7 Rxc3 31. Ke2 Rxc2+ 32. Ke3 Rc6
33. Rxa7 Rb6 34. Ra3 Rh6 35. Kd4 Rxh5 36. b4 Rf5 37. Ra2 1/2-1/2

[Event "First Saturday Tournament Budapest"]
[Site "Budapest"]
[Date "2010.05.07"]
[Round "1.5"]
[White "Xu, Fei"]
[Black "Havaskori, Laszlo"]
[Result "1-0"]
[WhiteElo "1951"]
[BlackElo "2084"]
[PlyCount "125"]
[EventDate "2010.05.07"]

1. e4 e5 2. Nf3 Nc6 3. Bb5 d6 4. d4 Bd7 5. O-O Nxd4 6. Bxd7+ Qxd7 7. Nxd4 exd4
8. Qxd4 Ne7 9. Be3 Nc6 10. Qd2 Be7 11. Nc3 O-O 12. Nd5 Rae8 13. Qe2 Bd8 14. f3
f5 15. Qc4 Kh8 16. exf5 Rxf5 17. Rae1 Ree5 18. Nb4 d5 19. Qb3 Nxb4 20. Qxb4 b6
21. Qd2 Re8 22. c4 Qf7 23. cxd5 Rxd5 24. Qc1 Bf6 25. Bf4 Rc5 26. Rxe8+ Qxe8 27.
Qd2 Qc6 28. Rd1 h5 29. b4 Rc4 30. a3 a5 31. Rc1 Rxc1+ 32. Qxc1 Qxc1+ 33. Bxc1
a4 34. b5 Kg8 35. Kf2 Kf7 36. Ke3 Ke6 37. Kd3 Kd5 38. Bf4 Bb2 39. Bxc7 Kc5 40.
Bd8 Kxb5 41. Be7 Be5 42. h4 Kc6 43. g4 hxg4 44. fxg4 Kd5 45. Bb4 Bf6 46. g5 Be5
47. h5 Bf4 48. Bc3 Bxg5 49. Bxg7 Ke6 50. Kc4 b5+ 51. Kxb5 Kd7 52. Kc5 Bc1 53.
Kb4 Kc6 54. Kxa4 Kb6 55. Kb4 Bg5 56. Kc4 Ka5 57. Kd5 Ka4 58. Bf8 Bd2 59. Ke6
Kb3 60. Kf6 Ka4 61. Kg6 Kb3 62. Bh6 Bc3 63. Bg5 1-0

[Event "First Saturday Tournament Budapest"]
[Site "Budapest"]
[Date "2010.05.07"]
[Round "1.6"]
[White "Farkas, Richard"]
[Black "Darazs, Zoltan"]
[Result "1/2-1/2"]
[WhiteElo "1989"]
[BlackElo "2203"]
[PlyCount "107"]
[EventDate "2010.05.07"]

1. d4 Nf6 2. c4 g6 3. Nc3 d5 4. cxd5 Nxd5 5. e4 Nxc3 6. bxc3 c5 7. Bc4 Bg7 8.
Ne2 Nc6 9. Be3 O-O 10. O-O Qc7 11. Qc2 Na5 12. Bd5 cxd4 13. Bxd4 e6 14. Bxg7
Kxg7 15. Bb3 b6 16. Rfd1 Ba6 17. Rac1 Rfd8 18. Nd4 e5 19. Nf3 Rxd1+ 20. Qxd1
Nxb3 21. axb3 Rd8 22. Qe1 Bb7 23. Qe3 f6 24. h3 Qd6 25. Ra1 a5 26. Re1 Rd7 27.
Ra1 h6 28. Re1 g5 29. Ra1 Kg6 30. Re1 b5 31. Ra1 a4 32. bxa4 bxa4 33. Kh2 Bc6
34. Ne1 Qd2 35. Qxd2 Rxd2 36. Kg3 Re2 37. f3 Rd2 38. Rc1 Kf7 39. Nc2 h5 40. Nb4
h4+ 41. Kh2 Bb5 42. c4 Rd4 43. cxb5 Rxb4 44. Rc7+ Ke6 45. Rc6+ Kd7 46. Ra6 Kc7
47. Kg1 Kb7 48. Kf2 Rb2+ 49. Kf1 Rb1+ 50. Kf2 Ra1 51. Rxf6 a3 52. Ra6 a2 53.
Ra5 Kb6 54. Ra8 1/2-1/2

[Event "First Saturday Tournament Budapest"]
[Site "Budapest"]
[Date "2010.05.08"]
[Round "2.1"]
[White "Schuetz, Peter"]
[Black "Darazs, Zoltan"]
[Result "0-1"]
[WhiteElo "1925"]
[BlackElo "2203"]
[PlyCount "106"]
[EventDate "2010.05.07"]

1. e4 e5 2. Nf3 Nc6 3. Nc3 Nf6 4. d4 exd4 5. Nxd4 Bb4 6. Nxc6 bxc6 7. Bd3 O-O
8. O-O d5 9. exd5 cxd5 10. Bg5 c6 11. h3 h6 12. Bh4 Bd6 13. Qf3 Rb8 14. Rab1
Re8 15. b3 Rb4 16. Bxf6 Qxf6 17. Qxf6 gxf6 18. Rfe1 Re5 19. Ne2 Rg5 20. f4 Rg7
21. c3 Rb8 22. Kh1 c5 23. g4 Bb7 24. Ng3 Bxf4 25. Nh5 Be5 26. Nxg7 Kxg7 27. c4
dxc4+ 28. Be4 Bxe4+ 29. Rxe4 c3 30. Rc4 Rd8 31. Rxc5 Rd2 32. Rc1 Rh2+ 33. Kg1
Rxh3 34. Rc4 Rd3 35. Kf1 Kg6 36. Rc2 Kg5 37. Rg2 Bd4 38. Ke2 Re3+ 39. Kd1 Re4
40. Kc2 Rf4 41. Kd3 Be5 42. Rxf4 Kxf4 43. Rh2 Kxg4 44. Rxh6 f5 45. Rh7 f6 46.
Rg7+ Kf3 47. Rxa7 f4 48. Rg7 Kf2 49. a4 f3 50. a5 Kf1 51. a6 f2 52. Rh7 Kg2 53.
Rg7+ Kf3 0-1

[Event "First Saturday Tournament Budapest"]
[Site "Budapest"]
[Date "2010.05.08"]
[Round "2.2"]
[White "Havaskori, Laszlo"]
[Black "Farkas, Richard"]
[Result "0-1"]
[WhiteElo "2084"]
[BlackElo "1989"]
[PlyCount "78"]
[EventDate "2010.05.07"]

1. Nf3 f5 2. g3 b6 3. Bg2 Bb7 4. d4 Nf6 5. c4 e6 6. Nc3 g6 7. O-O Bg7 8. Bg5 h6
9. Bd2 O-O 10. Ne5 Bxg2 11. Kxg2 Kh7 12. f3 d6 13. Nd3 c5 14. dxc5 dxc5 15. Nf4
Re8 16. h4 Nc6 17. Be3 Qe7 18. Qa4 Nd4 19. Bf2 Qb7 20. Rad1 e5 21. Nfd5 Nxd5
22. cxd5 b5 23. Nxb5 Nxb5 24. Bxc5 e4 25. Rd2 exf3+ 26. exf3 Re5 27. Qc4 Qd7
28. a4 Nd6 29. Qc2 Nb7 30. b4 Rxd5 31. Rxd5 Qxd5 32. Rd1 Qc6 33. h5 Rc8 34.
hxg6+ Qxg6 35. Rd7 Nxc5 36. bxc5 a6 37. Qd3 Rxc5 38. Ra7 Rc6 39. Qb3 f4 0-1

[Event "First Saturday Tournament Budapest"]
[Site "Budapest"]
[Date "2010.05.08"]
[Round "2.3"]
[White "Bodi, Tibor"]
[Black "Xu, Fei"]
[Result "1/2-1/2"]
[WhiteElo "2053"]
[BlackElo "1951"]
[PlyCount "112"]
[EventDate "2010.05.07"]

1. e4 c5 2. Nf3 d6 3. d4 cxd4 4. Nxd4 Nf6 5. Nc3 a6 6. a4 e5 7. Nb3 Be6 8. Be2
Be7 9. Be3 Nbd7 10. O-O O-O 11. f3 Nb6 12. a5 Nc4 13. Bxc4 Bxc4 14. Bb6 Qd7 15.
Re1 Bd8 16. Na4 Qc6 17. Nd2 Be6 18. c4 Nd7 19. Bxd8 Raxd8 20. b3 f5 21. Nc3 Nc5
22. Nd5 Rf7 23. b4 Nd3 24. Rf1 Nxb4 25. Qb3 Qc5+ 26. Kh1 Nc6 27. exf5 Bxd5 28.
cxd5 Nd4 29. Qb6 Qxb6 30. axb6 Nxf5 31. Ne4 Ne3 32. Rfc1 Nxd5 33. Rab1 Nf6 34.
Ng5 Re7 35. Rc7 Nd5 36. Rcc1 h6 37. Ne4 Nf6 38. Rc7 Rdd7 39. Nxd6 Rxc7 40. bxc7
Rxc7 41. Nxb7 Kf7 42. Kg1 Rc2 43. Ra1 Rb2 44. Nd6+ Kg6 45. Rxa6 Rc2 46. h3 Re2
47. Nc4 e4 48. fxe4 Rxe4 49. Nd2 Re2 50. Nf3 Re4 51. Kf2 Kf7 52. Ra7+ Re7 53.
Ne5+ Ke6 54. Rxe7+ Kxe7 55. Ke3 Ke6 56. Nf3 Kf5 1/2-1/2

[Event "First Saturday Tournament Budapest"]
[Site "Budapest"]
[Date "2010.05.08"]
[Round "2.4"]
[White "Lakovic, Igor"]
[Black "Chen, Yang"]
[Result "1/2-1/2"]
[WhiteElo "1965"]
[BlackElo "2081"]
[PlyCount "44"]
[EventDate "2010.05.07"]

1. e4 c5 2. Nc3 g6 3. g3 Bg7 4. Bg2 Nc6 5. d3 e6 6. Be3 d6 7. Qd2 Qa5 8. f4
Nge7 9. Nf3 Nd4 10. O-O Nec6 11. Rae1 O-O 12. Nh4 f5 13. a3 Bd7 14. h3 Rab8 15.
g4 Qd8 16. Nf3 b5 17. Nd1 b4 18. axb4 Rxb4 19. c3 Nxf3+ 20. Bxf3 Rb5 21. Qg2
Ne7 22. Kh1 Bc6 1/2-1/2

[Event "First Saturday Tournament Budapest"]
[Site "Budapest"]
[Date "2010.05.08"]
[Round "2.5"]
[White "Kiss, Peter"]
[Black "Kantor, Reka"]
[Result "1-0"]
[WhiteElo "1956"]
[BlackElo "1947"]
[PlyCount "107"]
[EventDate "2010.05.07"]

1. d4 Nf6 2. c4 e6 3. Nf3 Bb4+ 4. Bd2 Qe7 5. e3 O-O 6. Bd3 a5 7. O-O Nc6 8. a3
Bxd2 9. Qxd2 d6 10. Nc3 Bd7 11. Nb5 Ne8 12. e4 e5 13. d5 Nd8 14. Nc3 b6 15. Ne1
a4 16. Bc2 Nb7 17. Nd3 f5 18. exf5 Na5 19. Qd1 Nxc4 20. Bxa4 Bxf5 21. Bc6 Rb8
22. Nb4 Qg5 23. Kh1 Bg4 24. Qc2 Nd2 25. Ne4 Nxe4 26. Qxe4 Nf6 27. Qc2 Bf5 28.
Qc1 Qh5 29. f3 Qh4 30. Qe1 Qg5 31. Na6 Rbc8 32. Bb7 Rce8 33. Qc1 Qg6 34. Nxc7
Re7 35. Ba6 Rff7 36. Ne6 Bxe6 37. dxe6 Rxe6 38. Rd1 d5 39. Qc8+ Re8 40. Qc6
Rff8 41. Qxb6 Kh8 42. b4 e4 43. fxe4 Qxe4 44. Qd4 Qg6 45. Rf1 Qh5 46. Qc5 Kg8
47. Rad1 Re5 48. Kg1 Rfe8 49. Bb7 Rd8 50. h3 Re2 51. Rde1 Rxe1 52. Rxe1 Ne4 53.
Qe7 Re8 54. Bxd5+ 1-0

[Event "First Saturday Tournament Budapest"]
[Site "Budapest"]
[Date "2010.05.08"]
[Round "2.6"]
[White "Juracsik, Jozsef"]
[Black "Szalontay, Mihaly"]
[Result "1-0"]
[WhiteElo "2133"]
[BlackElo "2000"]
[PlyCount "81"]
[EventDate "2010.05.07"]

1. e4 Nf6 2. e5 Nd5 3. c4 Nb6 4. c5 Nd5 5. Nc3 e6 6. Bc4 c6 7. Ne4 Qh4 8. d3 h6
9. g3 Qd8 10. Bd2 b6 11. b4 a5 12. a3 Na6 13. d4 Nac7 14. Nd6+ Bxd6 15. cxd6
Nb5 16. Qg4 Kf8 17. bxa5 bxa5 18. a4 f5 19. exf6 Nxf6 20. Qf4 Na7 21. Rb1 c5
22. h4 cxd4 23. Nf3 Nc6 24. Nxd4 Nxd4 25. Qxd4 Ba6 26. Bxa6 Rxa6 27. O-O Kf7
28. Rb5 Qa8 29. Re1 Qc6 30. Bf4 Rc8 31. Rc1 Qa8 32. Rc7 Rc6 33. Rb1 Qa6 34. Be5
Rc4 35. Qd1 Ke8 36. Rxc8+ Qxc8 37. Bxf6 gxf6 38. Qh5+ Kf8 39. Qxh6+ Kf7 40.
Qh7+ Kf8 41. Rb8 1-0

[Event "First Saturday Tournament Budapest"]
[Site "Budapest"]
[Date "2010.05.09"]
[Round "3.1"]
[White "Szalontay, Mihaly"]
[Black "Schuetz, Peter"]
[Result "1-0"]
[WhiteElo "2000"]
[BlackElo "1925"]
[PlyCount "77"]
[EventDate "2010.05.07"]

1. e4 e5 2. Nf3 Nc6 3. Bc4 Be7 4. d4 d6 5. dxe5 dxe5 6. Qxd8+ Bxd8 7. Nc3 Nf6
8. Be3 O-O 9. Bc5 Re8 10. Ng5 Be6 11. Nxe6 fxe6 12. f3 Nd4 13. O-O-O Nc6 14.
Bb5 Be7 15. Na4 Kf7 16. Bxc6 bxc6 17. Rd3 Rab8 18. b3 a5 19. Rhd1 Red8 20. Bxe7
Rxd3 21. Rxd3 Kxe7 22. Nb2 Nd7 23. a4 Nb6 24. Kd2 Rf8 25. Ke3 g5 26. h3 h5 27.
Rc3 Kd7 28. Nd3 Kd6 29. Rc5 Nd7 30. Rxa5 Rg8 31. Nb2 Nb6 32. b4 g4 33. hxg4
hxg4 34. c4 gxf3 35. gxf3 Rg2 36. c5+ Kd7 37. cxb6 Rxb2 38. b7 Rxb4 39. Rb5 1-0

[Event "First Saturday Tournament Budapest"]
[Site "Budapest"]
[Date "2010.05.09"]
[Round "3.2"]
[White "Kantor, Reka"]
[Black "Juracsik, Jozsef"]
[Result "1/2-1/2"]
[WhiteElo "1947"]
[BlackElo "2133"]
[PlyCount "64"]
[EventDate "2010.05.07"]

1. e4 c5 2. Nf3 e6 3. c4 d6 4. d4 cxd4 5. Nxd4 Nf6 6. f3 Be7 7. Be3 O-O 8. Nc3
b6 9. Be2 Bb7 10. O-O a6 11. Qd2 Nbd7 12. Rac1 Rc8 13. Rc2 Qc7 14. Rfc1 Qb8 15.
Na4 Rfe8 16. b4 g6 17. Bf1 Bd8 18. Kh1 Bc7 19. Qf2 Ba8 20. Nc3 d5 21. cxd5 exd5
22. Bxa6 Rcd8 23. h3 Bg3 24. Qg1 dxe4 25. fxe4 Ne5 26. Bb5 Nxe4 27. Nxe4 Bxe4
28. Bxe8 Rxe8 29. Rc3 Nd3 30. Rf1 Qd8 31. Nf3 b5 32. a3 f6 1/2-1/2

[Event "First Saturday Tournament Budapest"]
[Site "Budapest"]
[Date "2010.05.09"]
[Round "3.3"]
[White "Chen, Yang"]
[Black "Kiss, Peter"]
[Result "1-0"]
[WhiteElo "2081"]
[BlackElo "1956"]
[PlyCount "95"]
[EventDate "2010.05.07"]

1. e4 c5 2. Nf3 Nc6 3. d4 cxd4 4. Nxd4 Qb6 5. Nb3 Nf6 6. Nc3 e6 7. Bd3 Bb4 8.
O-O Bxc3 9. bxc3 O-O 10. Bg5 Ne5 11. Kh1 Nfg4 12. Qe2 f6 13. Bd2 d5 14. f4 Nxd3
15. cxd3 f5 16. e5 Bd7 17. h3 Nh6 18. Be3 Qc7 19. Rfc1 b6 20. c4 dxc4 21. dxc4
Rac8 22. Rab1 Qd8 23. c5 Qh4 24. cxb6 axb6 25. Qf3 b5 26. Bf2 Qe7 27. Bc5 Qh4
28. Bxf8 Rxf8 29. Rc7 Be8 30. Kg1 Bh5 31. Qf2 Qd8 32. Rbc1 Nf7 33. Qc5 g5 34.
Rc8 Qxc8 35. Qxc8 Rxc8 36. Rxc8+ Kg7 37. g3 Bf3 38. Nd4 Bd5 39. a3 gxf4 40.
gxf4 Bc4 41. a4 Bd5 42. axb5 Kg6 43. Nxe6 Bxe6 44. Rc6 Nd8 45. Rd6 Kf7 46. Rxd8
Ke7 47. Rd6 Bc8 48. Rc6 1-0

[Event "First Saturday Tournament Budapest"]
[Site "Budapest"]
[Date "2010.05.09"]
[Round "3.4"]
[White "Xu, Fei"]
[Black "Lakovic, Igor"]
[Result "1-0"]
[WhiteElo "1951"]
[BlackElo "1965"]
[PlyCount "99"]
[EventDate "2010.05.07"]

1. e4 e5 2. Nf3 Nc6 3. Bb5 a6 4. Ba4 d6 5. h3 Bd7 6. Nc3 Nf6 7. d3 Be7 8. Be3
O-O 9. a3 h6 10. Bb3 Re8 11. Qd2 Bf8 12. g4 Be6 13. Nd5 Bxd5 14. exd5 Nd4 15.
Bxd4 exd4+ 16. Kd1 Nd7 17. Nxd4 Qf6 18. c3 Nc5 19. Ba2 g6 20. Kc2 Bg7 21. h4
Qd8 22. Nb3 Na4 23. h5 g5 24. Rae1 Qd7 25. f3 Qb5 26. c4 Qd7 27. d4 c6 28. dxc6
Qxc6 29. Qd3 b5 30. Nd2 bxc4 31. Qxc4 Qd7 32. Kb1 Rab8 33. Bb3 Nb6 34. Qd3 d5
35. Reg1 Qd6 36. Bc2 Qf4 37. Nb3 Nc4 38. Re1 Qg3 39. Rxe8+ Rxe8 40. Nc5 Re1+
41. Rxe1 Qxe1+ 42. Ka2 Qc1 43. Qc3 Qf4 44. Nb3 a5 45. Qd3 Kf8 46. a4 Qb8 47.
Qc3 Qb6 48. Bd3 Qc6 49. Nc5 Nd6 50. Ne6+ 1-0

[Event "First Saturday Tournament Budapest"]
[Site "Budapest"]
[Date "2010.05.09"]
[Round "3.5"]
[White "Farkas, Richard"]
[Black "Bodi, Tibor"]
[Result "0-1"]
[WhiteElo "1989"]
[BlackElo "2053"]
[PlyCount "60"]
[EventDate "2010.05.07"]

1. c4 f5 2. Nc3 Nf6 3. g3 g6 4. Bg2 Bg7 5. Nf3 O-O 6. O-O d6 7. d3 e5 8. Rb1 a5
9. Ne1 c6 10. f4 Be6 11. Nf3 Qb6+ 12. e3 Ng4 13. Na4 Qa7 14. Qe2 exf4 15. gxf4
Na6 16. h3 Nf6 17. Nd4 Bd7 18. Nc3 Nh5 19. Qf2 Rae8 20. a3 Nc5 21. Rd1 Ne6 22.
Nxe6 Rxe6 23. Bd2 Rfe8 24. Kh2 Nxf4 25. Bf1 Nh5 26. d4 f4 27. exf4 Bxd4 28. Qf3
Rf6 29. Ne4 Rxf4 30. Qxf4 Bg1+ 0-1

[Event "First Saturday Tournament Budapest"]
[Site "Budapest"]
[Date "2010.05.09"]
[Round "3.6"]
[White "Darazs, Zoltan"]
[Black "Havaskori, Laszlo"]
[Result "0-1"]
[WhiteElo "2203"]
[BlackElo "2084"]
[PlyCount "76"]
[EventDate "2010.05.07"]

1. e4 e6 2. d4 d5 3. Nc3 Nf6 4. e5 Nfd7 5. f4 c5 6. Nf3 Nc6 7. Be3 a6 8. Qd2 b5
9. dxc5 Bxc5 10. Bxc5 Nxc5 11. b4 Ne4 12. Nxe4 dxe4 13. Qxd8+ Kxd8 14. Ng5 Ke7
15. c3 Bb7 16. a4 f6 17. exf6+ gxf6 18. axb5 axb5 19. Rxa8 Rxa8 20. Nxe4 Ra2
21. Nc5 Ba8 22. Rg1 Na7 23. h4 Bd5 24. g4 Bc4 25. Bxc4 bxc4 26. Rg3 Nb5 27. Re3
Rc2 28. Rxe6+ Kf7 29. Rb6 Nxc3 30. Rb7+ Kg8 31. Ne6 Re2+ 32. Kf1 Rxe6 33. Rc7
Nd1 34. Kg2 c3 35. b5 c2 36. f5 Re2+ 37. Kf3 Re3+ 38. Kf4 Rc3 0-1

[Event "First Saturday Tournament Budapest"]
[Site "Budapest"]
[Date "2010.05.10"]
[Round "4.1"]
[White "Schuetz, Peter"]
[Black "Havaskori, Laszlo"]
[Result "1-0"]
[WhiteElo "1925"]
[BlackElo "2084"]
[PlyCount "47"]
[EventDate "2010.05.07"]

1. e4 e6 2. d4 d5 3. Nc3 Nf6 4. e5 Nfd7 5. Nce2 c5 6. c3 Nc6 7. Nf3 a6 8. Ng3
cxd4 9. cxd4 Bb4+ 10. Bd2 Qa5 11. Be2 O-O 12. a3 Bxd2+ 13. Qxd2 Qxd2+ 14. Kxd2
Na5 15. Kc2 b5 16. b3 Bb7 17. Kb2 Rfc8 18. Rhc1 Rc6 19. Rxc6 Bxc6 20. Ne1 f6
21. f4 f5 22. Rc1 Rc8 23. Bf3 Nb7 24. Nxf5 1-0

[Event "First Saturday Tournament Budapest"]
[Site "Budapest"]
[Date "2010.05.10"]
[Round "4.2"]
[White "Bodi, Tibor"]
[Black "Darazs, Zoltan"]
[Result "0-1"]
[WhiteElo "2053"]
[BlackElo "2203"]
[PlyCount "124"]
[EventDate "2010.05.07"]

1. e4 e5 2. Nf3 Nc6 3. Bb5 a6 4. Bxc6 dxc6 5. O-O f6 6. d4 exd4 7. Qxd4 Qxd4 8.
Nxd4 c5 9. Nb3 Bd6 10. Nc3 Be6 11. Be3 b6 12. Rfd1 Ne7 13. a4 O-O-O 14. f3 Kb7
15. Rd2 Be5 16. Rxd8 Rxd8 17. Bxc5 Nc6 18. Ba3 Bxb3 19. cxb3 Rd2 20. Nd1 Bd4+
21. Kf1 Na5 22. Bb4 Rc2 23. Bc3 Nxb3 24. Ra3 Bxc3 25. Rxb3 Bd4 26. Rd3 c5 27.
b3 Kc6 28. Ne3 Ra2 29. Nf5 Rf2+ 30. Kg1 Rb2+ 31. Nxd4+ cxd4 32. Rxd4 Rxb3 33.
Kf2 Rb2+ 34. Kg3 a5 35. Rc4+ Kd6 36. Rc1 Rb4 37. Ra1 Ke5 38. Kh3 Kf4 39. Ra3 h6
40. Kh4 g6 41. g3+ Ke5 42. Kh3 h5 43. Kh4 Rb2 44. h3 Rb4 45. g4 Kf4 46. Rc3
hxg4 47. hxg4 Rb2 48. Kh3 Rf2 49. Rc6 Rxf3+ 50. Kh4 g5+ 51. Kh5 Rh3+ 52. Kg6
Kxg4 53. Rxf6 Re3 54. Rxb6 Rxe4 55. Rb5 Re6+ 56. Kf7 Ra6 57. Ke7 Kh4 58. Kd7 g4
59. Kc7 g3 60. Kb7 Rh6 61. Ka7 g2 62. Rb1 Kh3 0-1

[Event "First Saturday Tournament Budapest"]
[Site "Budapest"]
[Date "2010.05.10"]
[Round "4.3"]
[White "Lakovic, Igor"]
[Black "Farkas, Richard"]
[Result "0-1"]
[WhiteElo "1965"]
[BlackElo "1989"]
[PlyCount "72"]
[EventDate "2010.05.07"]

1. e4 c5 2. Nc3 g6 3. g3 Nc6 4. Bg2 Bg7 5. d3 d6 6. Be3 Qa5 7. Qd2 Rb8 8. f4 e6
9. Nf3 Nd4 10. O-O Ne7 11. Nh4 O-O 12. Rf2 Nec6 13. Raf1 f5 14. a3 b5 15. Nf3
Nxf3+ 16. Bxf3 Nd4 17. Bd1 Bb7 18. g4 b4 19. Nb1 Nb5 20. gxf5 exf5 21. exf5
gxf5 22. axb4 cxb4 23. Na3 Nxa3 24. bxa3 Qxa3 25. Bf3 Bxf3 26. Rxf3 a5 27. Rg3
Qb2 28. Qg2 Kh8 29. Qd5 Rg8 30. Kh1 Bf6 31. Qxf5 a4 32. Bc1 Qd4 33. Be3 Qc3 34.
Bd2 Qc6+ 35. Rff3 Rxg3 36. Qxf6+ Rg7 0-1

[Event "First Saturday Tournament Budapest"]
[Site "Budapest"]
[Date "2010.05.10"]
[Round "4.4"]
[White "Kiss, Peter"]
[Black "Xu, Fei"]
[Result "1/2-1/2"]
[WhiteElo "1956"]
[BlackElo "1951"]
[PlyCount "97"]
[EventDate "2010.05.07"]

1. e4 c5 2. c3 d5 3. exd5 Qxd5 4. d4 Nf6 5. Nf3 Bg4 6. Be2 e6 7. O-O Nc6 8. Be3
cxd4 9. cxd4 Be7 10. Nc3 Qd7 11. Qd2 Nd5 12. Rac1 O-O 13. Rfd1 Nxe3 14. fxe3
Rad8 15. Qe1 Qd6 16. a3 a6 17. Ne4 Qb8 18. b4 h6 19. Nc5 Bxc5 20. Rxc5 Qd6 21.
h3 Bf5 22. d5 exd5 23. Rdxd5 Qxd5 24. Rxd5 Rxd5 25. Bc4 Rd7 26. Qf2 Bd3 27. Bb3
Rfd8 28. Kh2 Re7 29. Nd4 Nxd4 30. exd4 b5 31. d5 Red7 32. Qd4 Bf5 33. Qf4 Bg6
34. Qe5 Kh7 35. Qe2 Rd6 36. h4 h5 37. Qe7 R8d7 38. Qf8 Rd8 39. Qe7 R8d7 40. Qf8
Rf6 41. Qe8 Rfd6 42. Qe2 Rf6 43. Qe8 Rfd6 44. Qe2 Rd8 45. Qe7 R6d7 46. Qe2 f6
47. Qe6 Rd6 48. Qe7 R6d7 49. Qe6 1/2-1/2

[Event "First Saturday Tournament Budapest"]
[Site "Budapest"]
[Date "2010.05.10"]
[Round "4.6"]
[White "Szalontay, Mihaly"]
[Black "Kantor, Reka"]
[Result "0-1"]
[WhiteElo "2000"]
[BlackElo "1947"]
[PlyCount "90"]
[EventDate "2010.05.07"]

1. e4 e5 2. Nf3 Nc6 3. d4 exd4 4. Nxd4 Bc5 5. c3 Qf6 6. Be3 Nge7 7. g3 a6 8.
Bg2 d6 9. O-O Ne5 10. Nc2 Bxe3 11. Nxe3 Bd7 12. f4 N5c6 13. a4 h5 14. h3 g5 15.
Qe2 O-O-O 16. b4 gxf4 17. Rxf4 Qg5 18. b5 Nb8 19. Qf3 axb5 20. axb5 Qxb5 21.
Nd2 Ng6 22. Nd5 c6 23. Nc4 Qc5+ 24. Nde3 Nxf4 25. Qxf4 Be6 26. Ra5 b5 27. Na3
Qxc3 28. Ra7 Qc5 29. Ra5 Qb6 30. Ra8 Kb7 31. Rxb8+ Kxb8 32. Kh2 Qc5 33. Nac2 b4
34. Ne1 Qe5 35. Qf3 Qc3 36. Qe2 Kc7 37. Nf3 Ra8 38. Ng5 b3 39. Nxe6+ fxe6 40.
Nc4 Ra2 41. Qf1 Rh7 42. e5 d5 43. Nd6 Qc2 44. Ne8+ Kb8 45. Nd6 Qxg2+ 0-1

[Event "First Saturday Tournament Budapest"]
[Site "Budapest"]
[Date "2010.05.11"]
[Round "5.1"]
[White "Kantor, Reka"]
[Black "Schuetz, Peter"]
[Result "1-0"]
[WhiteElo "1947"]
[BlackElo "1925"]
[PlyCount "53"]
[EventDate "2010.05.07"]

1. e4 e5 2. Nf3 Nc6 3. Bb5 Nd4 4. Nxd4 exd4 5. O-O c6 6. Bc4 Nf6 7. Re1 d6 8.
c3 b5 9. Bf1 dxc3 10. bxc3 Be7 11. d4 d5 12. e5 Ne4 13. Bd3 Ng5 14. f4 Ne6 15.
f5 Nc7 16. Qh5 h6 17. Nd2 b4 18. f6 Bf8 19. cxb4 Be6 20. fxg7 Bxg7 21. Nb3 Qc8
22. Rf1 Nb5 23. a4 Nc7 24. Bd2 Rb8 25. Rac1 Qd7 26. Nc5 Qc8 27. b5 1-0

[Event "First Saturday Tournament Budapest"]
[Site "Budapest"]
[Date "2010.05.11"]
[Round "5.2"]
[White "Chen, Yang"]
[Black "Szalontay, Mihaly"]
[Result "1/2-1/2"]
[WhiteElo "2081"]
[BlackElo "2000"]
[PlyCount "28"]
[EventDate "2010.05.07"]

1. e4 d6 2. d4 Nf6 3. Nc3 g6 4. f4 Bg7 5. Nf3 O-O 6. Bd3 Nc6 7. O-O Bg4 8. Be3
e5 9. fxe5 dxe5 10. d5 Ne7 11. h3 Bxf3 12. Qxf3 Ne8 13. Rad1 a6 14. Ne2 Nd6
1/2-1/2

[Event "First Saturday Tournament Budapest"]
[Site "Budapest"]
[Date "2010.05.11"]
[Round "5.3"]
[White "Xu, Fei"]
[Black "Juracsik, Jozsef"]
[Result "0-1"]
[WhiteElo "1951"]
[BlackElo "2133"]
[PlyCount "164"]
[EventDate "2010.05.07"]

1. e4 c5 2. Nf3 Nc6 3. d4 cxd4 4. Nxd4 Nf6 5. Nc3 d6 6. Be2 g6 7. Be3 Bg7 8.
O-O O-O 9. Kh1 Bd7 10. f3 Rc8 11. Nxc6 bxc6 12. Qd2 Re8 13. Bc4 Qa5 14. Rab1
Rb8 15. Rfd1 Rb4 16. b3 Reb8 17. a3 R4b7 18. a4 Ng4 19. Bd4 Ne5 20. Bf1 c5 21.
Bxe5 Bxe5 22. Nb5 Qxd2 23. Rxd2 a6 24. Na3 Bxa4 25. Bxa6 Ra7 26. Bd3 Bc6 27.
Nc4 Bd4 28. g3 f5 29. Kg2 fxe4 30. fxe4 d5 31. exd5 Bxd5+ 32. Kh3 Rf8 33. Rf1
Rxf1 34. Bxf1 Ra1 35. Be2 Rg1 36. Nb6 Bg2+ 37. Kh4 h5 38. Bxh5 gxh5 39. Kxh5
Kg7 40. c4 Bf3+ 41. Kh4 Bf6+ 42. Kh3 Be4 43. Kg4 Rf1 44. Nd5 Bf3+ 45. Kh3 Bg5
46. Rb2 Kh6 47. b4 cxb4 48. Rxb4 Rc1 49. Rb3 Be2 50. Rc3 Rg1 51. Rc2 Bd1 52.
Rf2 Ba4 53. Rg2 Rc1 54. Re2 Rg1 55. Rg2 Re1 56. Nc3 Bd7+ 57. g4 Bf6 58. Nd5 Kg5
59. Nxf6 exf6 60. Rg3 Rc1 61. Kg2 Rxc4 62. h3 Bc6+ 63. Kf2 Kf4 64. Ra3 Rc2+ 65.
Ke1 Be4 66. Kd1 Rh2 67. Kc1 Bf3 68. Ra6 Ke5 69. Ra5+ Bd5 70. Ra3 Rf2 71. Kd1
Rf3 72. Rxf3 Bxf3+ 73. Ke1 Kf4 74. Kf2 Bb7 75. Ke2 Bg2 76. h4 Bf3+ 77. Kf2 Bxg4
78. Kg2 f5 79. Kf2 Bf3 80. Kf1 Ke3 81. Ke1 f4 82. Kf1 Be2+ 0-1